000 00456 a2200157 4500
005 20250610060550.0
020 _a978-0-697-80457-0
082 _aLECT 658.152 GAR
100 _aGARRISON, R. H.
245 _aManagerial accounting
250 _a14th Ed.
260 _aBoston,
_bMcGraw-Hill,
_c2012.
300 _aiv, 260p.: ill.; chart, figure, graph, picture, table.
_bIndex,
_c27cm.
700 _aNOREEN, E. W. & BREWER, P. C.
942 _2ddc
_cBKS
999 _c3558
_d3558